NFL Pro Bowl Running Backs 2010s - Statistics

General Stats
  • This quiz has been taken 515 times
  • The average score is 60 of 86
Answer Stats
Season Team Player % Correct
2019 Saints Alvin Kamara
99%
2018 Saints Alvin Kamara
99%
2017 Saints Alvin Kamara
99%
2019 Titans Derrick Henry
97%
2019 Cowboys Ezekiel Elliott
97%
2018 Cowboys Ezekiel Elliott
97%
2016 Cowboys Ezekiel Elliott
97%
2019 Panthers Christian McCaffrey
95%
2019 Browns Nick Chubb
94%
2019 Vikings Dalvin Cook
93%
2015 Vikings Adrian Peterson
92%
2013 Vikings Adrian Peterson
92%
2012 Vikings Adrian Peterson
92%
2010 Vikings Adrian Peterson
92%
2018 Rams Todd Gurley
90%
2017 Rams Todd Gurley
90%
2015 Rams Todd Gurley
90%
2018 Giants Saquon Barkley
85%
2017 Steelers Le'Veon Bell
84%
2016 Steelers Le'Veon Bell
84%
2014 Steelers Le'Veon Bell
84%
2014 Seahawks Marshawn Lynch
84%
2013 Seahawks Marshawn Lynch
84%
2012 Seahawks Marshawn Lynch
84%
2011 Seahawks Marshawn Lynch
84%
2017 Bills LeSean McCoy
81%
2016 Bills LeSean McCoy
81%
2015 Bills LeSean McCoy
81%
2014 Eagles LeSean McCoy
81%
2013 Eagles LeSean McCoy
81%
2011 Eagles LeSean McCoy
81%
2010 Titans Chris Johnson
80%
2016 Cardinals David Johnson
80%
2016 Titans DeMarco Murray
76%
2014 Cowboys DeMarco Murray
76%
2013 Cowboys DeMarco Murray
76%
2015 Raiders Latavius Murray
76%
2013 49ers Frank Gore
75%
2012 49ers Frank Gore
75%
2011 49ers Frank Gore
75%
2019 Saints Mark Ingram
75%
2017 Saints Mark Ingram
75%
2014 Saints Mark Ingram
75%
2014 Chiefs Jamaal Charles
73%
2013 Chiefs Jamaal Charles
73%
2012 Chiefs Jamaal Charles
73%
2010 Chiefs Jamaal Charles
73%
2017 Chiefs Kareem Hunt
72%
2014 Texans Arian Foster
70%
2012 Texans Arian Foster
70%
2011 Texans Arian Foster
70%
2010 Texans Arian Foster
70%
2018 Chargers Melvin Gordon
65%
2016 Chargers Melvin Gordon
65%
2016 Falcons Devonta Freeman
64%
2015 Falcons Devonta Freeman
64%
2013 Bears Matt Forte
64%
2011 Bears Matt Forte
64%
2012 Ravens Ray Rice
63%
2011 Ravens Ray Rice
63%
2011 Jaguars Maurice Jones-Drew
62%
2010 Jaguars Maurice Jones-Drew
62%
2015 Buccaneers Doug Martin
60%
2012 Buccaneers Doug Martin
60%
2016 Dolphins Jay Ajayi
54%
2014 Redskins Alfred Morris
53%
2013 Redskins Alfred Morris
53%
2013 Packers Eddie Lacy
52%
2018 Steelers James Conner
52%
2015 Panthers Jonathan Stewart
50%
2018 Broncos Phillip Lindsay
47%
2010 Rams Steven Jackson
46%
2014 Broncos C. J. Anderson
44%
2016 Eagles Darren Sproles
41%
2015 Eagles Darren Sproles
41%
2014 Eagles Darren Sproles
41%
2016 Bears Jordan Howard
40%
2010 Falcons Michael Turner
40%
2018 Texans Lamar Miller
38%
2015 Jets Chris Ivory
33%
2012 Bills C. J. Spiller
32%
2011 Chargers Ryan Mathews
30%
2014 Ravens Justin Forsett
29%
2019 Vikings C. J. Ham
24%
2019 49ers Kyle Juszczyk
18%
2011 Broncos Willis McGahee
17%
No matching quizzes found
Score Distribution
Percent of People with Each Score
Percentile by Number Answered
Your Score History
You have not taken this quiz